000 00391 a2200169 4500
001 71386
020 _a8508100175
040 _cAnchieta - Colégio São Paulo
100 _aCarroll, Lewis
240 1 0 _aAlice no País da Maravilhas
_lpor
245 1 0 _aAlice no País da Maravilhas
300 _a119
362 0 _a2005
440 1 _aÁtica
650 4 _aLiteratura juvenil
942 _cBK
999 _c71386
_d71386